• 首页
  • 本馆介绍
  • 公告通知
  • 最新文献
  • 馆藏检索
  • 电子资源
  • 读者导购
  • 参考咨询
  • 我的图书馆
  • 登录
  • 详细信息显示
  • 放入我的书架
  • 预约/预借图书
  • 作者相关作品
  • 分类相关作品
  • 丛书相关作品
  • 出版社相关作品

书目信息

  • 表格格式
  • 工作单格式
  • 卡片格式
题名:
图书情报知识
    
 
作者: 彭斐章 编写
分册: 1982年第1期增刊  
出版信息: 武汉   武汉大学图书馆学系  1982
页数: 158页
开本: 19cm
丛书名:
单 册:
中图分类: G251.6
科图分类:
主题词: 图书馆学 , 图书馆事业
电子资源:
ISBN:
000 00553nam0 2200193 450
001 0657570094
005 20060911170602.39
100    @a20060721d1982 km y0chiy0120 ea
101 0  @achi
102    @aCN@b420000
200 1  @a图书情报知识@h1982年第1期增刊@Atu shu qing bao zhi shi@f彭斐章等编写@Fpeng fei zhang deng bian xie
210    @a武汉@c武汉大学图书馆学系@d1982
215    @a158页@d19cm
606 0  @a图书馆学
606 0  @a图书馆事业
690    @aG251.6@v3
701  0 @a彭斐章@Apeng fei zhang@4编写
801  0 @aCN@bPFT@c20060911
905    @dG251.6@e12
    
    图书情报知识.1982年第1期增刊/彭斐章等编写.-武汉:武汉大学图书馆学系,1982
    158页;19cm
    
    
    ISBN :
    
●
相关链接 在E读中查询图书 在五车中查询图书 在当当中查询图书 在豆瓣中查询图书


正题名:图书情报知识     索取号:G251.6/12         预约/预借

序号 登录号 条形码 馆藏地/架位号 状态 备注
1 0424773   204247733   密集书库/ [索取号:G251.6/12] 在馆    
2 0472059   204720597   密集书库/ [索取号:G251.6/12] 在馆    
唐山师范学院图书馆 欢迎您!
大连网信软件有限公司© 版权所有